Η αστική πολυκατοικία της μεσοπολεμικής Αθήνας : η αρχή της εντατικής εκμετάλλευσης του αστικού εδάφους

Αποθηκεύτηκε σε:
Λεπτομέρειες βιβλιογραφικής εγγραφής
Κύριος συγγραφέας: Μαρμαράς, Εμμανουήλ Β.
Μορφή: Βιβλίο
Γλώσσα:Greek
Δημοσίευση: Αθήνα : Πολιτιστικό Τεχνολογικό Ίδρυμα ΕΤΒΑ, c1991.
Θέματα:
Ετικέτες: Προσθήκη ετικέτας
Δεν υπάρχουν, Καταχωρήστε ετικέτα πρώτοι!

MARC

LEADER 00000cam a2200000 i 4500
001 1/46085
008 950512s1991 gr | ||| |||| ||gre||
020 |a 9602440171 
035 |l 10026258 
040 |a GR-MyUa  |b gre  |e AACR2 
041 0 |a gre 
082 7 |a 728.314   |2 (22) 
100 1 |a Μαρμαράς, Εμμανουήλ Β. 
245 1 2 |a Η αστική πολυκατοικία της μεσοπολεμικής Αθήνας :   |b η αρχή της εντατικής εκμετάλλευσης του αστικού εδάφους /   |c Μανόλη Β. Μαρμαρά. 
260 |a Αθήνα :   |b Πολιτιστικό Τεχνολογικό Ίδρυμα ΕΤΒΑ,   |c c1991. 
300 |a 324 σ. :   |b πιν.; σχέδια ;   |c 24 εκ.  
504 |a Βιβλιογραφία: σ. 287-304. Ευρετήριο. 
650 0 |a City planning  |z Greece  |z Athens  |x History  |y 20th century. 
650 0 0 |a Apartment houses  |z Greece  |z Athens. 
650 0 0 |a Architecture, Domestic  |z Greece  |z Athens. 
651 0 |a Athens (Greece)  |x Buildings, structures, etc. 
852 |a INST  |b CHIOS  |e 19971208  |h 711.40949512 ΜΑΡ  |p 005200010335  |q 005200010335  |t BK  |y 0 
852 |a INST  |b LESVOS  |e 19950512  |h 711.40949512 ΜΑΡ  |p 005100000893  |q 005100000893  |t BK  |y 0 
852 |a INST  |b LESVOS  |e 19990714  |h 711.40949512 ΜΑΡ  |p 005100019841  |q 005100019841  |t BK  |y 0 
852 |a INST  |b LESVOS  |e 19990714  |h 711.40949512 ΜΑΡ  |p 005100019842  |q 005100019842  |t BK  |y 0 
852 |a INST  |b LESVOS  |e 19990713  |h 711.40949512 ΜΑΡ  |p 005100019854  |q 005100019854  |t BK  |y 0 
852 |a INST  |b LESVOS  |e 19990714  |h 711.40949512 ΜΑΡ  |p 005100019855  |q 005100019855  |t BK  |y 0 
852 |a INST  |b RHODES  |e 20131126  |h 728.314 ΜΑΡ  |p 005400035818  |q 005400035818  |t BK  |y 0 
852 |a INST  |b SAMOS  |e 20141030  |h 728.314 ΜΑΡ  |p 005300037098  |q 005300037098  |t BK  |y 0 
852 |a INST  |b SYROS  |e 20110603  |h 728.314 ΜΑΡ  |p 005500009121  |q 005500009121  |t BK  |y 0 
901 |a BIBL3-2014-3 
901 |a BIBL5-2011-2 
901 |a BIBL-1997-3 
901 |a BIBL4-2013-3 
922 |a 1ΕΛΗ  |b 199903  |c ΚΠΣ/ΤΓ  |d EMVASIS 
922 |a 1ΕΛΗ  |b 199904  |c ΚΠΣ/ΤΓ  |d EMVASIS 
950 |a 118-1998-03-26 
950 |a 118-1998-03-23 
970 |a Τζαφέρη  |b Ευαγγελία  |z 14/07/1999